|
|
|
|
| LEADER |
00000nam a2200000 a 4500 |
| 001 |
vtls001328093 |
| 003 |
SK-MaSNL |
| 005 |
20260301065811.0 |
| 008 |
240313s1974 xx 0 und |
| 035 |
|
|
|a SNK000280909
|
| 040 |
|
|
|a SNK
|b slo
|c SNK
|e AACR2
|
| 100 |
1 |
|
|a Pauza, Josef
|4 aut
|9 385063
|
| 245 |
1 |
|
|a Silnoproudá rozvodná zařízení v průmyslu
|
| 260 |
|
|
|a Praha
|b Státní nakladatelství technické literatury
|c 1974
|
| 300 |
|
|
|a 342 s.
|
| 958 |
|
|
|a OND
|
| 999 |
|
|
|c 632020
|d 633950
|
| 952 |
|
|
|t P60, <04>, [BOOK], {604}
|a SNK
|b SNK
|y VYP
|7 0
|p 17A0135276
|o snkIC 59746 D1
|0 0
|1 1
|4 0
|d 1998-04-17
|l 0
|r 2005-01-02 00:00:00
|w 2026-02-23
|
| 952 |
|
|
|t P60, <04>, [BOOK], {604}
|a SNK
|b SNK
|y VYP
|7 0
|p 17A0135384
|o snkIC 59746 D1
|0 0
|1 1
|4 0
|d 1998-04-17
|l 0
|r 2005-01-02 00:00:00
|w 2026-02-23
|
| 952 |
|
|
|t P60, <04>, [BOOK], {604}
|a SNK
|b SNK
|y VYP
|7 0
|p 17A0157897
|o snkIC 59746
|0 0
|1 0
|4 0
|d 1998-08-25
|l 0
|r 2005-01-02 00:00:00
|w 2026-02-23
|